Climate change 2001 : impacts, adaptation, and vulnerability

Αποθηκεύτηκε σε:
Λεπτομέρειες βιβλιογραφικής εγγραφής
Συγγραφή απο Οργανισμό/Αρχή: Intergovernmental Panel on Climate Change Working Group II
Άλλοι συγγραφείς: McCarthy, James J. (Επιμελητής έκδοσης)
Μορφή: Βιβλίο
Γλώσσα:English
Δημοσίευση: Cambridge; New York : Cambridge University Press, 2001
Θέματα:
Ετικέτες: Προσθήκη ετικέτας
Δεν υπάρχουν, Καταχωρήστε ετικέτα πρώτοι!

MARC

LEADER 00000nam a2200000 i 4500
001 1/40147
008 030909s2001 eng d
020 |a 0521015006 
035 |l 10070755 
040 |a GR-MY-UA  |b gre  |e aacr 
041 0 |a eng 
082 0 |a 363.738742  |2 (21) 
245 1 0 |a Climate change 2001 :  |b impacts, adaptation, and vulnerability /  |c James J. McCarthy ... [et al.] 
260 |a Cambridge; New York :   |b Cambridge University Press,   |c 2001 
300 |a x, 1032 σ.;  |b εικ., πιν., χαρτ.;  |c 28 εκ. 
500 |a "Contribution of Working Group II to the Third Assessment Report of the Intergovernmental Panel on Climate Change" 
500 |a "Published for the Intergovernmental Panel on Climate Change" 
504 |a Περιέχει βιβλιογραφία και ευρετήριο 
650 0 0 |a Climatic changes  |x Environmental aspects. 
650 0 0 |a Climatic changes  |x Risk assessment. 
650 0 0 |a Human ecology. 
650 0 0 |a Global environmental change. 
700 1 |a McCarthy, James J.  |4 edt 
710 2 |a Intergovernmental Panel on Climate Change  |b Working Group II. 
852 |a INST  |b LESVOS  |e 20030909  |h 363.738742 CLI  |p 005100026809  |q 005100026809  |t BK  |y 0 
901 |a BIBL1-2003-3 
909 |a Λ  |b 105925 
922 |a 1ΕΛΗ  |b 200308  |c ΕΠΕΑΕΚ2/ΤΓ  |d ΜΙΧΑΛΟΠΟΥΛΟΣ 
950 |a 118-2003-06-09 
970 |a ΧΡΙΣΤΟΦΑ  |b ΝΙΚΗ  |z 2003/09/19